| 000 | 00834cad a22002055a 4500 | ||
|---|---|---|---|
| 001 | L150075 | ||
| 008 | 100601s2010 xxk f 000 0 eng d | ||
| 035 | _a(Sirsi) u150075 | ||
| 041 | 0 | _aeng | |
| 050 | 0 | 4 | _a614.76 $2 18 |
| 110 | 2 |
_aRICS Building Control Professional Group _bRoyal Institution of Chartered Surveyors _95853 |
|
| 245 | 0 | 0 |
_aDemolition _bBuilding Act 1984, sections 80-83 _h[electronic resource] |
| 260 |
_aLondon _bRICS _c2010 |
||
| 520 | _aGuidance on demolition from the RICS Building Control Professional Group; relevant legislation; counter notice; procedures; trade associations. | ||
| 590 | _aKA NTK | ||
| 651 | 4 |
_aEngland _y886- |
|
| 690 | _aDEMOLITION | ||
| 856 | 4 | 8 |
_uhttps://www.rics.org/site/download_feed.aspx?fileID=6561&fileExtension=PDF _zView the website free of charge at www.rics.org |
| 942 | _n0 | ||
| 999 |
_c110722 _d110722 |
||